Sotavento (Record no. 46130)

MARC details
000 -Etiqueta do registo
Valores 00477cam a2200193 04500
100 ## - Dados gerais de processamento
Dados gerais 19890601d1979 m y0pory5003 ba
101 0# - Língua de publicação
Língua por
102 ## - País de publicação
País PT
200 1# - Titulo e menção de responsabilidade
Título próprio Sotavento
Informação de outro título romance
Primeira menção de responsabilidade Hugo Rocha
205 ## - Menção da edição
Edição 2.ª ed.
210 #9 - Publicação
Local de publicação Porto
Nome do editor Porto Editora,
Data de publicação imp. 1979
215 ## - Descrição física 
Paginação / Volumes 354, [14] p.
Dimensões 19 cm
225 2# - Colecção 
Título próprio da colecção Portuguesa
675 ## - CDU
Notação 821.134.3-31"19"
Edição med
Língua por
700 #1 - Autor principal
Apelido Rocha,
Nome Hugo,
Datas 1907-1993
801 #0 - Fonte de origem
País PT
Agência BN
Regras de catalogação RPC
990 ## - Elementos KOHA
Tipo de documento Livro
Holdings
Aquisição Empréstimo Código de barras Cota Permissão de empréstimo Tipo de documento
Biblioteca Escolar Doutor Hernâni Cidade Biblioteca Escolar Doutor Hernâni Cidade 83024 82-93 ROC LIT. INF. JUV.   Livro

Powered by Koha